<?xml version="1.0" encoding="UTF-8"?>
<record
    xmlns:xsi="http://www.w3.org/2001/XMLSchema-instance"
    xsi:schemaLocation="http://www.loc.gov/MARC21/slim http://www.loc.gov/standards/marcxml/schema/MARC21slim.xsd"
    xmlns="http://www.loc.gov/MARC21/slim">

  <leader>00908cam a22002537a 4500</leader>
  <controlfield tag="001">2695</controlfield>
  <controlfield tag="005">20240111152143.0</controlfield>
  <datafield tag="020" ind1=" " ind2=" ">
    <subfield code="a">9781407109879</subfield>
  </datafield>
  <datafield tag="040" ind1=" " ind2=" ">
    <subfield code="a">MNW</subfield>
    <subfield code="c">MNW</subfield>
    <subfield code="d">DLC</subfield>
    <subfield code="b">eng</subfield>
  </datafield>
  <datafield tag="050" ind1="0" ind2="0">
    <subfield code="a">G590.G36</subfield>
    <subfield code="b"> 2002</subfield>
  </datafield>
  <datafield tag="082" ind1="0" ind2="0">
    <subfield code="a">919.8</subfield>
  </datafield>
  <datafield tag="100" ind1="1" ind2=" ">
    <subfield code="a">Ganeri, Anita</subfield>
    <subfield code="d">1961-</subfield>
  </datafield>
  <datafield tag="245" ind1="1" ind2="0">
    <subfield code="a">Perishing poles /</subfield>
    <subfield code="c">Anita Ganeri ; illustrated by Mike Phillips.</subfield>
  </datafield>
  <datafield tag="250" ind1=" " ind2=" ">
    <subfield code="a">This edition published by Scholastic Ltd, 2009</subfield>
  </datafield>
  <datafield tag="260" ind1=" " ind2=" ">
    <subfield code="a">New York :</subfield>
    <subfield code="b">Scholastic,</subfield>
    <subfield code="c">2002</subfield>
  </datafield>
  <datafield tag="300" ind1=" " ind2=" ">
    <subfield code="a">128 pages : </subfield>
    <subfield code="b">illustrations ; </subfield>
    <subfield code="c">21 cm . </subfield>
  </datafield>
  <datafield tag="490" ind1=" " ind2=" ">
    <subfield code="a">Horrible Geography</subfield>
  </datafield>
  <datafield tag="505" ind1=" " ind2=" ">
    <subfield code="a">T 
</subfield>
  </datafield>
  <datafield tag="520" ind1=" " ind2=" ">
    <subfield code="a">Wave goodbye to boring geography lessons as you venture into the chilly world of Perishing Poles, with huge icebergs, hungry polar bears and frostbite to challenge intrepid explorers</subfield>
  </datafield>
  <datafield tag="521" ind1=" " ind2=" ">
    <subfield code="a">800 
</subfield>
    <subfield code="b">Lexile 
</subfield>
  </datafield>
  <datafield tag="521" ind1=" " ind2=" ">
    <subfield code="a">T 
</subfield>
    <subfield code="b">Raz-Plus 
</subfield>
  </datafield>
  <datafield tag="906" ind1=" " ind2=" ">
    <subfield code="a">7</subfield>
    <subfield code="b">cbc</subfield>
    <subfield code="c">copycat</subfield>
    <subfield code="d">2</subfield>
    <subfield code="e">ncip</subfield>
    <subfield code="f">20</subfield>
    <subfield code="g">y-gencatlg</subfield>
  </datafield>
  <datafield tag="942" ind1=" " ind2=" ">
    <subfield code="2">ddc</subfield>
    <subfield code="c">BK</subfield>
    <subfield code="n">0</subfield>
  </datafield>
  <datafield tag="999" ind1=" " ind2=" ">
    <subfield code="c">2695</subfield>
    <subfield code="d">2695</subfield>
  </datafield>
  <datafield tag="952" ind1=" " ind2=" ">
    <subfield code="0">0</subfield>
    <subfield code="1">0</subfield>
    <subfield code="2">ddc</subfield>
    <subfield code="4">0</subfield>
    <subfield code="7">0</subfield>
    <subfield code="8">NFIC</subfield>
    <subfield code="a">001</subfield>
    <subfield code="b">001</subfield>
    <subfield code="c">SNS</subfield>
    <subfield code="d">2024-01-10</subfield>
    <subfield code="l">0</subfield>
    <subfield code="o">GAN 919.8 G590.G36</subfield>
    <subfield code="p">2024-0009</subfield>
    <subfield code="r">2024-01-10 10:11:12</subfield>
    <subfield code="t">1</subfield>
    <subfield code="w">2024-01-10</subfield>
    <subfield code="y">BK</subfield>
  </datafield>
  <datafield tag="952" ind1=" " ind2=" ">
    <subfield code="0">0</subfield>
    <subfield code="1">0</subfield>
    <subfield code="2">ddc</subfield>
    <subfield code="4">0</subfield>
    <subfield code="7">0</subfield>
    <subfield code="8">NFIC</subfield>
    <subfield code="a">001</subfield>
    <subfield code="b">001</subfield>
    <subfield code="c">SNS</subfield>
    <subfield code="d">2024-01-10</subfield>
    <subfield code="l">0</subfield>
    <subfield code="o">GAN 919.8 G590.G36</subfield>
    <subfield code="p">FISSE00061</subfield>
    <subfield code="r">2024-11-08 12:04:42</subfield>
    <subfield code="t">2</subfield>
    <subfield code="w">2024-01-10</subfield>
    <subfield code="y">BK</subfield>
  </datafield>
  <datafield tag="952" ind1=" " ind2=" ">
    <subfield code="0">0</subfield>
    <subfield code="1">0</subfield>
    <subfield code="2">ddc</subfield>
    <subfield code="4">0</subfield>
    <subfield code="7">0</subfield>
    <subfield code="8">NFIC</subfield>
    <subfield code="a">001</subfield>
    <subfield code="b">001</subfield>
    <subfield code="c">SNS</subfield>
    <subfield code="d">2024-01-10</subfield>
    <subfield code="l">0</subfield>
    <subfield code="o">GAN 919.8 G590.G36</subfield>
    <subfield code="p">2024-2311</subfield>
    <subfield code="r">2024-11-08 12:05:05</subfield>
    <subfield code="t">3</subfield>
    <subfield code="w">2024-01-10</subfield>
    <subfield code="y">BK</subfield>
  </datafield>
</record>
